Pelle queer, maschere straight : il regime di visibilità omonormativo oltre la televisione /

সংরক্ষণ করুন:
গ্রন্থ-পঞ্জীর বিবরন
প্রধান লেখক: Ferrante, Antonia Anna
অন্যান্য লেখক: Terranova, Tiziana (ভূমিকা রচয়িতা, ইত্যাদি)
বিন্যাস: গ্রন্থ
ভাষা:ইতালিয়
প্রকাশিত: Milano ; Udine : Mimesis, 2019
মালা:Mimesis. DeGenere ; 15
বিষয়গুলি:
ট্যাগগুলো: ট্যাগ যুক্ত করুন
কোনো ট্যাগ নেই, প্রথমজন হিসাবে ট্যাগ করুন!

MARC

LEADER 00000nam a2200000 i 4500
001 IT\ICCU\UBO\4375635
003 ItRI
005 20260115232115.0
008 190502s2019 it |||||| ||||| |||||c
015 |2 IT  |a 2019-6232 
020 |a 9788857552668 
040 |b ita  |c importazione bologna sebina 
041 7 |a ita  |2 ISO-639-2 
082 |a 791.45652664  |9 TELEVISIONE. PROGRAMMI SU persone omosessuali  |2 23 
100 1 |a Ferrante, Antonia Anna  |0 IT\ICCU\UBOV\468161 
245 1 0 |a Pelle queer, maschere straight :  |b il regime di visibilità omonormativo oltre la televisione /  |c Antonia Anna Ferrante ; introduzione di Tiziana Terranova. 
260 |a Milano ;  |a Udine :  |b Mimesis,  |c 2019 
300 |a 163 p. :  |b ill. ;  |c 21 cm 
650 7 |a Trasmissioni televisive [:] Serial  |x Temi [:] Omosessualità  |2 nsbncf 
700 1 |a Terranova, Tiziana  |0 IT\ICCU\RAVV\097796  |4 aui 
830 0 |a Mimesis. DeGenere ;  |v 15  |0 IT\ICCU\MIL\0842397 
942 |2 ddc  |c BK  |n 0 
952 |0 0  |1 0  |4 0  |6 DOC_306_701000000000000_FER  |7 0  |9 20151  |a BO  |b BO  |d 2026-01-15  |i 19201  |l 0  |o DOC 306.701 FER  |p BO19201  |r 2026-01-15 23:21:15  |w 2026-01-15  |x [Sebina 5] [1 v.]  |y BK  |z 1 v. 
999 |c 17182  |d 17182